000
00213nam a2200085Ia 4500
008
120527s9999 xx 000 0 und d
100
_a
Berenson & Levine
245
_a
Business statistics: A first course
942
_c
BK
999
_c
27162
_d
27162